000 00291nam a2200133Ia 4500
100 _aUyemura/John P
942 _cBK
654 _avlsi
245 _aIntroduction to VLSI circuits and system
260 _bJohn Wiley
_c2002
082 _a621.395
_bUYE
300 _a642
546 _aENGLISH
999 _c23327
_d23327